00683nam a2200229 a 450000500170000000800410001704000250005804100080008310000300009124500530012126000610017430000100023565000120024565000180025765000180027565000140029370000300030770000320033770000300036970000360039970000180043520191224041851.0151109b xxu||||| |||| 00| 0 spa d aCO-BoIAVHcCO-BoIAVH aspa aBarajas Villamizar, Leidy aMonografía de TrompetobBocconia frutescens L. aBogotábFundación Universitaria Juan N. Corpasc2007 a52 p. aPlantas aFitoquímica aToxicología aExtractos aHerreño Mosquera, Nancy aLópez Acero, Oscar Javier aPombo Ospina, Luis Miguel aMejía Piñeros, Antonio Luis aSalama, Ahmed